000 00664nam a2200289Ia 4500
005 20260324150158.0
008 008 260324s9999 xx 000 0 eng d
020 _a9781315127293
037 _aEBOOK
040 _aCRL
040 _beng
040 _cCRL
041 _2eng
041 _aeng
084 _qCRL
100 _aPiotr Makowski
_91225523
245 0 _aPrehistoric America
245 3 _bAn Ecological Perspective
260 _bTaylor and Francis
260 _c1972
365 _a
365 _b210
856 _uhttp://www.taylorfrancis.com/books/9781315127293
942 _cEBOOK
999 _c1834551
_d1834551